Normal view
MARC view
- Stanton, Daniel
Entry Personal Name
001 - CONTROL NUMBER
- control field: 98841
003 - CONTROL NUMBER IDENTIFIER
- control field: NUST
005 - DATE AND TIME OF LATEST TRANSACTION
- control field: 20220908101321.0
008 - FIXED-LENGTH DATA ELEMENTS
- fixed length control field: 220908|| aca||aabn | a|a d
040 ## - CATALOGING SOURCE
- Original cataloging agency: NUST
- Transcribing agency: NUST
100 ## - HEADING--PERSONAL NAME
- Personal name: Stanton, Daniel
670 ## - SOURCE DATA FOUND
- Source citation: Work cat.: (NUST): Stanton, Daniel, Supply Chain Management , 2021.
